Cultura española por Imágenes: I - Estadísticas

Estadísticas generales
  • Esta prueba ha sido intentada 280 veces
  • La puntuación promedio es 10 de 16
Estadísticas de respuestas
Imagen Respuesta % Correcto
Iniesta
97%
Ibai
96%
Iberia
94%
Iñaki Williams
88%
Ibiza
80%
Isco
78%
Irene Montero
74%
Ilia Topuria
72%
Iago Aspas
71%
Izaguirre (Boris)
66%
Imanol Arias
52%
Ibáñez (Francisco)
51%
Inma Cuesta
36%
Ignatius
34%
Ibaka (Serge)
32%
Izal
25%
No se encontraron pruebas coincidentes
Distribución de puntuación
Porcentaje de gente con cada puntuación
Porcentaje por número respondido
Historial de tus puntuaciones
No has intentado esta prueba.